Lolztron Plush - Statistics

General Stats
  • This quiz has been taken 8 times
  • The average score is 86 of 353
Answer Stats
Hint Answer % Correct
Emory
100%
Old Fallen
100%
Fredbear
100%
Lolz
100%
Naza
100%
R
100%
Minecart
80%
Pun
80%
S'more
80%
Xeno
80%
Fanf Too Balloon Boy
60%
Fallen God
60%
Jack
60%
Paladin
60%
Reginald
60%
Ron
60%
Serpent V
60%
Shroommie
60%
Sleep
60%
Adversary
40%
Alicia
40%
Austin
40%
Butler
40%
El Fungi
40%
Figle
40%
Fryguy
40%
Fungella
40%
Gnarpy
40%
Host
40%
Jessica
40%
Lolzhax
40%
Mannequin Mark
40%
Marburg
40%
Miner Kid
40%
Mr. Mittens
40%
Ray
40%
Reddy
40%
Richard
40%
SBAU Rosemary
40%
Ryan
40%
Serpent A
40%
Serpent B
40%
Serpent P
40%
Serpent S
40%
Officiant | Old Smiley
40%
Vera
40%
Victor
40%
Emmie's Abby
20%
Althea
20%
Annalise
20%
Antilaugh
20%
Apollo
20%
Bat God #1
20%
Bat God #2
20%
Bat God #3
20%
Human Bat God #4
20%
Bringer
20%
Brook
20%
Burger Bob
20%
Carter
20%
CM
20%
Core
20%
Aperiophobia Corpse
20%
Crem
20%
FNAFAU Dan
20%
Dealer
20%
SBAU Director
20%
Dusk
20%
Elara
20%
El Baba
20%
EnderPanda3077
20%
Eve
20%
Evelyn
20%
Fallen Robot
20%
Fall.EXE
20%
Fleshcousin
20%
Fluffy
20%
Gaia
20%
Gregoriah
20%
H3ct0r
20%
Hank
20%
Hoody
20%
Hu Tao
20%
Impius
20%
Infected
20%
Jace
20%
Jaiden
20%
SBAU Jake
20%
Janitor
20%
Jenny Letterson
20%
Joe Mama
20%
King Crystallized
20%
Marshmallow
20%
Migraine
20%
Minute Man
20%
Neptune
20%
Nix
20%
Overseer
20%
1:35 AM Pecian
20%
Pest
20%
Pizza Pete
20%
Placeholder
20%
Poob
20%
Queen Rising
20%
Raymond
20%
RF
20%
Rin
20%
Rosa
20%
Sab
20%
Sara
20%
Scarfy
20%
Serpent H
20%
Serpent X
20%
Seymour
20%
#1 | #2 Silver Zombie
20%
Split
20%
Spud!
20%
ATF TC
20%
The Naza Killer
20%
Theodore
20%
Timothy
20%
Truck San
20%
Unpleasant
20%
Vermilliono
20%
Wafer
20%
Wallter
20%
ADMIN Bot
0%
Akari
0%
Akoya
0%
Alastair
0%
Allocer
0%
Aloteran
0%
Amayah
0%
AmazingApple123
0%
Annie
0%
Apollo Lion
0%
Apple Goober
0%
Arlo
0%
Arthur
0%
Avira
0%
Ay'm Radius
0%
Biker Lady
0%
Blackjack
0%
Blaise
0%
Bluberry
0%
Brandan
0%
Builder Freddy
0%
Caidel
0%
Campground Fredbear
0%
Casey
0%
CC
0%
Cheesy
0%
Chez
0%
Commander H
0%
Corvus Malum
0%
Coveburg
0%
Creature
0%
Crusader
0%
Cyrah
0%
Dakota
0%
Dawn
0%
Derp Derp
0%
Droid P
0%
E4
0%
Eddison
0%
Eli
0%
Epsilon
0%
Errol
0%
Fallen Mystery
0%
Fallen Naza
0%
Fallen Warrior
0%
Fallen Xeno
0%
Fallovison
0%
Feathered Healer
0%
Rosey's Fritz
0%
Fuzz
0%
Gannie
0%
ATF | SBAU Gary
0%
General
0%
Ghost Dude
0%
Guardy
0%
Harbor
0%
Hengilisis
0%
Inertia
0%
Invader
0%
Jim
0%
Joux
0%
Kaeru
0%
Kandy
0%
Kasei
0%
Keeper Bear
0%
Keith
0%
Kiara
0%
Lapid
0%
Leo
0%
Lilith
0%
Lord in Vain
0%
Lorenzo
0%
Ludun
0%
M1K3
0%
Maidy
0%
Marcelo
0%
Micheal
0%
Mortimer
0%
Mr. Goober
0%
Mumin
0%
Mycorrhiza
0%
Naddie
0%
Nahla
0%
Nines
0%
Nora
0%
Babytrap | Big | Small | Springtrap NyNy
0%
Oliver
0%
Orpheus
0%
Orpheus Bunny
0%
Overseerette
0%
Pothead
0%
Prisma
0%
Professor Potassium
0%
Proxy
0%
Pumpkin Goober
0%
Puppet
0%
Puppeteer
0%
Puppy
0%
Pythagoras
0%
Q8
0%
Quinn
0%
RB
0%
Redbear
0%
Rhea
0%
Richy Britches
0%
Robojack
0%
Roboty
0%
Samsung Refrigerator
0%
Screwed Up Endoskeleton
0%
Sebastion
0%
Sentricam
0%
Setsuko
0%
Shapesy
0%
Shatterer
0%
Spiteful Freddy
0%
Springy
0%
Steve
0%
Strellina
0%
Super Silly
0%
Sydney Owl
0%
Synthia
0%
Tangle
0%
Tello
0%
The Hunter
0%
The One True God
0%
Thine Ursa
0%
Todd
0%
Transfem Freddy Fazbear
0%
Reality Break Turbo Tuber
0%
Tweedle Dumb
0%
Venus
0%
Vice President
0%
Vulture
0%
Wally Rabbit
0%
Weed Brownie Bonnie
0%
WELP
0%
Wood Carver
0%
Xavier
0%
Zaza's Ghost
0%
Zerkyin
0%
No matching quizzes found
Score Distribution
Percent of People with Each Score
Percentile by Number Answered
Your Score History
You have not taken this quiz